Trenčianske Teplice

Zobrazenie: Na striebornom podklade v bielom orámovaní pohľady na obec z diaľky, na budovy, na obchodný dom Narcis a na bazén s kúpajúcimi sa osobami

Bibliographic Details
Other Authors: Šmátrala, Milan (fotograf) (Photographer), Šmátralová, Vlasta (fotografka) (Photographer)
Format: Photo
Language:Slovak
PhysicalDescription:1 pohľadnica (5 čiastkových pohľadov) farebná 11 x 15 cm
Published: Bratislava Danubiapress 1992
Subjects:

MARC

LEADER 00000ckm a2200000 a 4500
001 vtls001245026
003 SK-MaSNL
005 20260331203823.0
007 kf co
008 230706s1992 xo g 0kuslo
015 |a SNBG1992 
035 |a SNK000195844 
035 |a urn:nbn:sk:snk-km3lwlo 
035 |a 1E3087A2-5D16-4733-BF7B-5910B8AB1037 
035 |a urn:nbn:sk:snk-km00dr2v 
040 |a SNK  |b slo  |c SNK  |e AACR2 
041 0 |a slo 
043 |a e-xo--- 
044 |a xo  |c SK 
072 7 |a 913  |x Regionálna geografia  |2 konspekt 
080 |a 913(437.6)  |2 2011 
080 |a (084.121)  |2 2011 
080 |a 725.1:339.372.2  |2 2011 
080 |a 725.1:613.47-026.912  |2 2011 
080 |a 725  |2 2011 
100 1 |a Šmátrala, Milan  |c (fotograf)  |4 pht  |9 164919 
245 1 0 |a Trenčianske Teplice  |h grafika  |c foto Milan Šmatrala, Vlasta Šmatralová 
246 1 |i Názov na adresnej časti:  |a Queen 
260 |a Bratislava  |b Danubiapress  |c 1992 
300 |a 1 pohľadnica (5 čiastkových pohľadov)  |b farebná  |c 11 x 15 cm 
500 |a Názvové údaje prevzaté z obrazovej časti pohľadnice 
500 |a Na adresnej časti uvedené: Queen - predaj módneho textilu, bižutérie, kozmetiky, hračky, drogérie, audio a video kazety. Pozývame Vás taktiež na posedenie v Schnek bare Queen - nachádzajúceho sa v DS Narcis, ul. M. R. Štefánika č. 2 č. tel. 083192/3231 
520 8 |a Zobrazenie: Na striebornom podklade v bielom orámovaní pohľady na obec z diaľky, na budovy, na obchodný dom Narcis a na bazén s kúpajúcimi sa osobami 
650 0 7 |a obchodné domy  |2 SNKPH  |9 3005 
650 0 7 |a kúpaliská  |2 SNKPH  |9 4394 
650 0 7 |a obchody  |2 SNKPH  |9 3004 
651 7 |a Trenčianske Teplice (Slovensko)  |2 SNKPHgeo  |9 14503 
655 7 |a miestne pohľadnice  |2 SNKPH  |9 70510 
700 1 |a Šmátralová, Vlasta  |c (fotografka)  |4 pht  |9 283285 
852 |a Slovenská národná knižnica 
958 |a GBN 
958 |a TL 
958 |a GC 
958 |a OND 
999 |c 884164  |d 886094 
952 |a SNK  |b SNK  |y PREZ  |7 0  |p 17A1294948  |o snkSP 146819  |i snk225/92  |0 0  |1 0  |4 0  |d 2018-10-22  |f 1  |l 0  |r 2026-02-24 06:25:54  |w 2026-02-24 
952 |a SNK  |b SNK  |y PREZ  |7 0  |p 17A1294925  |o snkSP 146819 D1  |i snk226/92  |0 0  |1 0  |4 0  |d 2018-10-22  |l 0  |r 2026-02-24 06:25:54  |w 2026-02-24